Radiotron designer's handbook
I tiakina i:
| Kaituhi matua: | |
|---|---|
| Hōputu: | Pukapuka |
| Reo: | Ingarihi |
| I whakaputaina: |
Sydney
Amalgamated Wireless Valve
1952
|
| Putanga: | 4a. ed |
| Ngā marau: | |
| Ngā Tūtohu: |
Tāpirihia he Tūtohu
Kāore He Tūtohu, Me noho koe te mea tuatahi ki te tūtohu i tēnei pūkete!
|
MARC
| LEADER | 00000nam a2200000 a 4500 | ||
|---|---|---|---|
| 001 | UCU6076 | ||
| 003 | CL-VaPUC | ||
| 008 | 960614e19520000AT |||||||||||||||||eng|d | ||
| 082 | 0 | 4 | |a 621.384 |b LAN |2 21 |
| 100 | 0 | |a Langford-Smith, F |e author |9 364193 | |
| 245 | 1 | 0 | |a Radiotron designer's handbook |
| 250 | |a 4a. ed | ||
| 300 | |a 1498 p | ||
| 942 | |c BK | ||
| 945 | |d 19960614 00:00:00 |a lriquelm | ||
| 260 | |a Sydney |b Amalgamated Wireless Valve |c 1952 | ||
| 650 | 7 | |a RADIOFRECUENCIAS |2 CL-VaPUC |9 363651 | |
| 650 | 0 | |a Propagación de ondas |9 263256 | |
| 650 | 7 | |a MODULACION |2 CL-VaPUC |9 364194 | |
| 650 | 0 | |a Amplitud |9 360832 | |
| 650 | 0 | |a Voltaje |9 362861 | |
| 650 | 0 | |a Amplificadores |9 338119 | |
| 650 | 7 | |a TUBOS DE RAYOS CATODICOS |2 CL-VaPUC |9 364150 | |
| 650 | 0 | |a Redes de información |9 230208 | |
| 650 | 0 | |a Corrientes eléctricas |9 354960 | |
| 583 | |a last modification |c 19960614 00:00:00 |k Rodrigo Vera | ||
| 999 | |c 249138 |d 249136 | ||
| 952 | |0 0 |1 0 |4 0 |6 621_384000000000000_LAN_1952 |7 0 |8 A |9 266197 |a BIBING |b BIBING |d 2019-11-19 |i 1683691 |o 621.384 LAN 1952 |p 1683691 |r 2025-01-20 |w 2019-11-19 |y BK |k EIE | ||